Prisme Journalist

محفوظ في:

التنسيق: كتاب

اللغة: Undetermined

منشور في: Cairo Ministry of Culture 2008

الوسوم: إضافة وسم

لا توجد وسوم, كن أول من يضع وسما على هذه التسجيلة!

رقم الطلب:

LEADER 00239nam a2200097Ia 4500
008 240503s9999||||xx |||||||||||||| ||und||
245 1 0 |a Prisme Journalist  
264 1 |a Cairo  |b Ministry of Culture  |c 2008 
300 |a 82  |c 28 
942 |2 lcc  |c BK 
999 |c 58344  |d 58344